Ciencias naturales 1 /
Guardado en:
| Autor Principal: | |
|---|---|
| Otros Autores: | , , , , , |
| Formato: | Libro |
| Publicado: |
Buenos Aires :
Santillana,
2010
|
| Series: | Saber es clave
|
| Materias: | |
| Etiquetas: |
Agregar Etiqueta
Sin Etiquetas, Sea el primero en etiquetar este registro!
|
| LEADER | 01634nam a22003495a 4500 | ||
|---|---|---|---|
| 001 | CEM.cems013394 | ||
| 005 | 20100715095611.0 | ||
| 008 | 130507s2010##################000#0#####d | ||
| 003 | CEMS | ||
| 020 | |a 9789504621591 | ||
| 082 | 0 | 4 | |a Z570 |
| 100 | 1 | |a Mérega, Herminia | |
| 245 | 1 | 0 | |a Ciencias naturales 1 / |c Coordinación de Herminia Mérega y Graciela Pérez de Lois |
| 260 | |a Buenos Aires : |b Santillana, |c 2010 | ||
| 300 | |a 240 p. | ||
| 490 | 0 | |a Saber es clave | |
| 500 | |a Para nivel 1er. año Educación Secundaria Básica | ||
| 505 | 0 | |a La materia y sus propiedades -- Las mezclas -- El agua -- La energía, diversidad y cambios -- Inercambios de energía -- Los movimientos -- Los objetos del sistema solar y sus movimientos -- Los seres vivos -- Las plantas -- Los animales -- las bacterias, los protistas y los hongos -- Las relaciones tróficas -- El organismo humano -- La reproducción en el ser humano -- La alimentación y la salud | |
| 653 | |a Ciencias naturales | ||
| 653 | |a Ciencias naturales-1º esb | ||
| 653 | |a Ciencias naturales-7º egb | ||
| 700 | 1 | |a Franco, Ricardo | |
| 700 | 1 | |a López Arriazu, Francisco | |
| 700 | 1 | |a Sabbatini, Paula L. | |
| 700 | 1 | |a Suárez, Hilda C. | |
| 700 | 1 | |a Balbiano, Alejandro J. | |
| 700 | 1 | |a Córdova, Fernando | |
| 700 | 1 | |a Franco, Ricardo | |
| 859 | |a CEMS |b BIB. CEMS - 11 de abril |h Z570 |i M559 |p 25771.10 |t Ej.2 |v 1º |3 1º | ||
| 859 | |a CEMS |b BIB. CEMS - 11 de abril |h Z570 |i M559 |p 25967.10 |t Ej.1 |v 1º |3 1º | ||
| 859 | |a CEMS |b BIB. CEMS - 11 de abril |h Z570 |i M559 |p 26006.10 |t Ej.3 |v 1º |3 1º | ||
| 859 | |a CEMS |b BIB. CEMS - 11 de abril |h Z570 |i M559 |p 26007.10 |t Ej.4 |v 1º |3 1º | ||
